| 000 | 00795nam a2200277Ia 4500 | ||
|---|---|---|---|
| 003 | OSt | ||
| 005 | 20220927105309.0 | ||
| 006 | a|||||r|||| 00| 0 | ||
| 007 | ta | ||
| 008 | 220926b |||||||| |||| 00| 0 eng d | ||
| 020 | _a0748616594 | ||
| 024 | _a160054 | ||
| 037 | _cReference Collections | ||
| 040 |
_aRTL _cRTL _beng |
||
| 041 |
_2eng _aeng |
||
| 082 | _a"YxN41:g, P3" | ||
| 100 |
_aLechte John Ed. _9371474 |
||
| 245 | 0 | _aKristeva critical reader | |
| 260 |
_aEdinburgh _bEdinburgh University Press _c2003 |
||
| 300 |
_a"ix, 246p" _ccm. |
||
| 500 | _aBibliography P220-234 | ||
| 650 |
_aKristeva _9371475 |
||
| 700 |
_a Zournazi Mary Ed. _9371476 |
||
| 942 |
_h"YxN41:g, P3" _cCC |
||
| 999 |
_c691653 _d691653 |
||